Principles and applications of tribology (Record no. 2705)

000 -LEADER
fixed length control field 00535nam a22002054a 4500
001 - CONTROL NUMBER
control field 2705
003 - CONTROL NUMBER IDENTIFIER
control field BD-DhUET
008 - FIXED-LENGTH DATA ELEMENTS--GENERAL INFORMATION
fixed length control field 980908s1999 nyua 001 0 eng
020 ## - INTERNATIONAL STANDARD BOOK NUMBER
International Standard Book Number 0471594075
040 ## - CATALOGING SOURCE
Original cataloging agency DLC
Transcribing agency DLC
Modifying agency BD-DhUET
082 00 - DEWEY DECIMAL CLASSIFICATION NUMBER
Classification number 621.89
Item number BHU/1999
100 1# - MAIN ENTRY--PERSONAL NAME
Personal name Bhushan, Bharat,
245 10 - TITLE STATEMENT
Title Principles and applications of tribology
Statement of responsibility, etc. by Bharat Bhushan
250 ## - EDITION STATEMENT
Edition statement Ist ed.
260 ## - PUBLICATION, DISTRIBUTION, ETC. (IMPRINT)
Place of publication, distribution, etc. New York
Name of publisher, distributor, etc. John Wiley,
Date of publication, distribution, etc. 1999
300 ## - PHYSICAL DESCRIPTION
Extent xix, 1020 p.
504 ## - BIBLIOGRAPHY, ETC. NOTE
Bibliography, etc Includes bibliographies.
650 #0 - SUBJECT ADDED ENTRY--TOPICAL TERM
Topical term or geographic name as entry element Tribology.
942 ## - ADDED ENTRY ELEMENTS (KOHA)
Koha item type General Book
Holdings
Koha date last borrowed Not for loan Sublocation or collection (holding branch) Copy number Location (home branch) Withdrawn status Koha normalized classification for sorting Price effective from Date acquired Piece designation (barcode) Koha full call number Source of classification or shelving scheme Shelving location Koha issues (times borrowed) Koha item type Koha date last seen Lost status Damaged status
  Central Library, BUET1Central Library, BUET 621_000000000000000_89BHU19992014-09-292014-09-2996879621.89/BHU/1999 Circulation section General Book2014-09-29  
  Central Library, BUET2Central Library, BUET 621_000000000000000_89BHU19992014-09-292014-09-2997824621.89/BHU/1999 Circulation section General Book2014-09-29  
2022-12-21 Central Library, BUET3Central Library, BUET 621_890000000000000_BHU_19992015-04-262015-04-2697823621.89/BHU/1999 Circulation section1General Book2023-01-09  
  Central Library, BUET4Central Library, BUET 621_890000000000000_BHU_19992015-06-142015-06-1496878621.89/BHU/1999 Reading section Reading Item2015-06-14  
2023-01-09 Central Library, BUET5Central Library, BUET 621_890000000000000_BHU_19992017-11-042002-06-1696880621.89/BHU/1999 Circulation section1General Book2023-01-24